[Event "Mexico City Revolucion op"]
[Site "Mexico City"]
[Date "2024.11.13"]
[Round "1"]
[White "Garcia De Dios, Jose Antonio"]
[Black "Yescas Lopez, Lorenzo"]
[Result "1-0"]
[WhiteElo "2221"]
[BlackElo "1854"]
[PlyCount "51"]
[EventDate "2024.11.13"]
[EventType "swiss"]
[EventRounds "9"]
[EventCountry "MEX"]
[SourceTitle "CB47_2024"]
[SourceDate "2024.11.20"]
[SourceVersion "1"]
[SourceVersionDate "2024.11.20"]
[SourceQuality "1"]

1. d4 Nf6 2. c4 g6 3. Nc3 Bg7 4. e4 0-0 5. Be2 d6 6. Be3 e5 7. d5 Na6 8. g4 Nc5 9. f3 a5 10. Qd2 Ne8 11. 0-0-0 f5 12. gxf5 gxf5 13. Bg5 Bf6 14. Bh6 Kh8 15. h4 Rg8 16. Nh3 Ng7 17. Ng5 Qe7 18. h5 Bd7 19. Rdg1 Be8 20. f4 exf4 21. Qxf4 Bxc3 22. bxc3 Qe5 23. Qxe5 dxe5 24. Bxg7+ Rxg7 25. exf5 Bd7 26. h6 1-0